[Event "10th Amsterdam Science Park"]
[Site "Amsterdam"]
[Date "2022.07.18"]
[Round "1"]
[White "Bous, Florian"]
[Black "Zwirs, Nico"]
[Result "0-1"]
[Board "1"]
[WhiteElo "2023"]
[WhiteCountry "GER"]
[WhiteFideId "4660412"]
[WhiteEloChange "-2"]
[BlackTitle "IM"]
[BlackElo "2485"]
[BlackCountry "NED"]
[BlackFideId "1036432"]
[BlackEloChange "1"]

1. d4 {[%clk 1:30:55]} d5 {[%clk 1:30:56]} 2. c4 {[%clk 1:31:19]} e6 {[%clk
1:31:25]} 3. Nf3 {[%clk 1:31:40]} Nf6 {[%clk 1:31:53]} 4. Nc3 {[%clk 1:31:59]}
Nbd7 {[%clk 1:31:51]} 5. cxd5 {[%clk 1:31:24]} exd5 {[%clk 1:32:19]} 6. Bg5
{[%clk 1:31:44]} h6 {[%clk 1:30:29]} 7. Bh4 {[%clk 1:27:30]} g5 {[%clk 1:30:07]}
8. Bg3 {[%clk 1:27:56]} Bb4 {[%clk 1:30:28]} 9. a3 {[%clk 1:25:54]} Bxc3+ {[%clk
1:28:23]} 10. bxc3 {[%clk 1:26:18]} Ne4 {[%clk 1:28:38]} 11. e3 {[%clk 1:23:24]}
h5 {[%clk 1:25:46]} 12. h3 {[%clk 1:13:41]} Nxg3 {[%clk 1:25:43]} 13. fxg3 {[%clk
1:14:05]} Qe7 {[%clk 1:22:11]} 14. Kf2 {[%clk 1:11:55]} Nf6 {[%clk 0:54:36]} 15.
Nxg5 {[%clk 1:07:25]} Rg8 {[%clk 0:54:27]} 16. h4 {[%clk 1:06:07]} Ng4+ {[%clk
0:53:42]} 17. Ke1 {[%clk 1:04:34]} Nxe3 {[%clk 0:51:17]} 18. Qxh5 {[%clk
1:01:09]} Bg4 {[%clk 0:51:15]} 19. Qh7 {[%clk 0:59:39]} Nd1+ {[%clk 0:45:21]} 20.
Ne4 {[%clk 0:57:46]} O-O-O {[%clk 0:43:54]} 21. Rxd1 {[%clk 0:54:09]} Rh8 {[%clk
0:43:22]} 22. Qg7 {[%clk 0:53:10]} Qxe4+ {[%clk 0:43:45]} 23. Kd2 {[%clk
0:53:33]} Bxd1 {[%clk 0:43:11]} 24. Bd3 {[%clk 0:53:56]} Qxg2+ {[%clk 0:43:35]}
0-1

[Event "10th Amsterdam Science Park"]
[Site "Amsterdam"]
[Date "2022.07.18"]
[Round "1"]
[White "Van Delft, Merijn"]
[Black "Van Nieuwkerk, Ton"]
[Result "1-0"]
[Board "2"]
[WhiteTitle "IM"]
[WhiteElo "2383"]
[WhiteCountry "NED"]
[WhiteFideId "1004670"]
[WhiteEloChange "2"]
[BlackElo "2014"]
[BlackCountry "NED"]
[BlackFideId "1048031"]
[BlackEloChange "-2"]

1. e4 {[%clk 1:30:55]} e6 {[%clk 1:30:48]} 2. d4 {[%clk 1:31:18]} d5 {[%clk
1:31:15]} 3. e5 {[%clk 1:30:28]} c5 {[%clk 1:31:40]} 4. c3 {[%clk 1:30:54]} Nc6
{[%clk 1:31:51]} 5. Nf3 {[%clk 1:31:15]} Bd7 {[%clk 1:32:07]} 6. Be2 {[%clk
1:31:13]} Nge7 {[%clk 1:32:15]} 7. O-O {[%clk 1:28:46]} Rc8 {[%clk 1:32:26]} 8.
Kh1 {[%clk 1:13:57]} cxd4 {[%clk 1:25:56]} 9. cxd4 {[%clk 1:13:52]} Qb6 {[%clk
1:24:44]} 10. Nc3 {[%clk 1:13:05]} Na5 {[%clk 1:19:34]} 11. Bd3 {[%clk 1:01:25]}
Nec6 {[%clk 1:11:03]} 12. Na4 {[%clk 0:04:15]} Qd8 {[%clk 1:07:02]} 13. a3 {[%clk
0:53:41]} b5 {[%clk 0:52:54]} 14. Nc5 {[%clk 0:52:43]} Bxc5 {[%clk 0:37:40]} 15.
dxc5 {[%clk 0:52:55]} Nc4 {[%clk 0:37:52]} 16. Re1 {[%clk 0:50:05]} Qc7 {[%clk
0:33:14]} 17. Qe2 {[%clk 0:45:48]} N6a5 {[%clk 0:31:07]} 18. Bc2 {[%clk 0:44:29]}
Nc6 {[%clk 0:26:50]} 19. b3 {[%clk 0:41:41]} N4a5 {[%clk 0:27:01]} 20. Bd2 {[%clk
0:35:17]} h6 {[%clk 0:23:15]} 21. Rab1 {[%clk 0:23:42]} Rb8 {[%clk 0:21:40]} 22.
b4 {[%clk 0:17:20]} Nc4 {[%clk 0:21:39]} 23. Bc1 {[%clk 0:17:40]} a5 {[%clk
0:19:41]} 24. h3 {[%clk 0:14:38]} axb4 {[%clk 0:18:03]} 25. axb4 {[%clk 0:15:06]}
Ra8 {[%clk 0:18:19]} 26. Bb3 {[%clk 0:13:53]} Ke7 {[%clk 0:16:07]} 27. Bxc4
{[%clk 0:11:46]} dxc4 {[%clk 0:16:04]} 28. Qe4 {[%clk 0:11:58]} Rhd8 {[%clk
0:11:27]} 29. Rd1 {[%clk 0:11:25]} Ra4 {[%clk 0:10:37]} 30. Qe1 {[%clk 0:11:48]}
Be8 {[%clk 0:10:32]} 31. Rd6 {[%clk 0:12:07]} Kf8 {[%clk 0:10:28]} 32. Bd2 {[%clk
0:11:47]} Ne7 {[%clk 0:07:11]} 33. Nd4 {[%clk 0:11:45]} Nc8 {[%clk 0:04:50]} 34.
Qe4 {[%clk 0:12:06]} Kg8 {[%clk 0:02:25]} 35. Rc1 {[%clk 0:08:59]} Nxd6 {[%clk
0:02:14]} 36. exd6 {[%clk 0:09:13]} Qd7 {[%clk 0:02:32]} 37. Rc3 {[%clk 0:09:14]}
Ra2 {[%clk 0:01:24]} 38. Bxh6 {[%clk 0:07:40]} gxh6 {[%clk 0:00:33]} 39. Rg3+
{[%clk 0:07:27]} Kf8 {[%clk 0:00:35]} 40. Qh7 {[%clk 0:07:09]} Ra1+ {[%clk
0:00:47]} 41. Kh2 {[%clk 0:07:30]} f6 {[%clk 0:00:38]} 42. Rg8# {[%clk 0:00:16]}
1-0

[Event "10th Amsterdam Science Park"]
[Site "Amsterdam"]
[Date "2022.07.18"]
[Round "1"]
[White "Golbach, Floris"]
[Black "Bosboom, Manuel"]
[Result "0-1"]
[Board "3"]
[WhiteElo "2012"]
[WhiteCountry "NED"]
[WhiteFideId "1051776"]
[WhiteEloChange "-2"]
[BlackTitle "IM"]
[BlackElo "2381"]
[BlackCountry "NED"]
[BlackFideId "1000080"]
[BlackEloChange "2"]

1. d4 {[%clk 1:30:56]} Nf6 {[%clk 1:30:49]} 2. c4 {[%clk 1:31:18]} g6 {[%clk
1:30:49]} 3. Nc3 {[%clk 1:31:19]} Bg7 {[%clk 1:31:03]} 4. e4 {[%clk 1:31:40]} d6
{[%clk 1:31:26]} 5. h3 {[%clk 1:30:32]} O-O {[%clk 1:26:24]} 6. Bg5 {[%clk
1:30:24]} Nbd7 {[%clk 1:23:06]} 7. Bd3 {[%clk 1:27:25]} c5 {[%clk 1:21:07]} 8. d5
{[%clk 1:26:36]} Ne5 {[%clk 1:18:26]} 9. Be2 {[%clk 1:24:39]} b5 {[%clk 1:11:46]}
10. cxb5 {[%clk 1:22:02]} a6 {[%clk 1:05:17]} 11. Nf3 {[%clk 1:10:16]} Nxf3+
{[%clk 1:00:23]} 12. gxf3 {[%clk 1:10:29]} axb5 {[%clk 1:00:19]} 13. Bxb5 {[%clk
1:09:41]} Qa5 {[%clk 0:57:22]} 14. a4 {[%clk 1:05:35]} Qb4 {[%clk 0:47:08]} 15.
Bd2 {[%clk 0:57:23]} Nh5 {[%clk 0:45:28]} 16. Qc2 {[%clk 0:43:46]} Qd4 {[%clk
0:35:14]} 17. Ra3 {[%clk 0:22:04]} f5 {[%clk 0:32:33]} 18. a5 {[%clk 0:10:11]}
fxe4 {[%clk 0:20:21]} 19. Qxe4 {[%clk 0:10:26]} Qb4 {[%clk 0:18:02]} 20. Bc6
{[%clk 0:04:24]} Ba6 {[%clk 0:11:16]} 21. Qe6+ {[%clk 0:03:14]} Kh8 {[%clk
0:11:35]} 22. Nd1 {[%clk 0:03:35]} Nf4 {[%clk 0:08:04]} 23. Bxb4 {[%clk 0:03:17]}
Nxe6 {[%clk 0:06:37]} 24. Bc3 {[%clk 0:03:09]} Nf4 {[%clk 0:05:52]} 25. Bxg7+
{[%clk 0:03:14]} Kxg7 {[%clk 0:06:21]} 26. Bxa8 {[%clk 0:03:35]} Rxa8 {[%clk
0:06:45]} 27. Ne3 {[%clk 0:02:49]} Rb8 {[%clk 0:06:59]} 28. Ra2 {[%clk 0:00:55]}
h5 {[%clk 0:05:13]} 29. Kd2 {[%clk 0:00:49]} Nd3 {[%clk 0:04:16]} 30. Kc3 {[%clk
0:00:50]} Rf8 {[%clk 0:04:32]} 31. Rd1 {[%clk 0:00:46]} Nxf2 {[%clk 0:04:28]} 32.
Rd2 {[%clk 0:00:33]} Rxf3 {[%clk 0:03:34]} 33. Rxf2 {[%clk 0:00:50]} Rxf2 {[%clk
0:03:30]} 34. h4 {[%clk 0:00:52]} Rf3 {[%clk 0:03:43]} 35. Kd2 {[%clk 0:01:16]}
Rf4 {[%clk 0:03:57]} 36. Ra3 {[%clk 0:00:44]} Rxh4 {[%clk 0:04:15]} 37. Rb3
{[%clk 0:01:00]} Rd4+ {[%clk 0:03:28]} 38. Ke1 {[%clk 0:00:44]} h4 {[%clk
0:02:54]} 39. Kf2 {[%clk 0:00:40]} Ra4 {[%clk 0:00:53]} 0-1

[Event "10th Amsterdam Science Park"]
[Site "Amsterdam"]
[Date "2022.07.18"]
[Round "1"]
[White "Blom, Vincent"]
[Black "Zhu, Chenwu"]
[Result "1-0"]
[Board "4"]
[WhiteTitle "FM"]
[WhiteElo "2325"]
[WhiteCountry "NED"]
[WhiteFideId "1014358"]
[WhiteEloChange "3"]
[BlackElo "2010"]
[BlackCountry "NED"]
[BlackFideId "1080687"]
[BlackEloChange "-3"]

1. c4 {[%clk 1:30:57]} c5 {[%clk 1:30:28]} 2. b3 {[%clk 1:31:22]} Nf6 {[%clk
1:29:44]} 3. Bb2 {[%clk 1:31:48]} g6 {[%clk 1:28:39]} 4. Bxf6 {[%clk 1:31:15]}
exf6 {[%clk 1:28:44]} 5. Nc3 {[%clk 1:31:42]} f5 {[%clk 1:26:55]} 6. g3 {[%clk
1:32:03]} Bg7 {[%clk 1:25:57]} 7. Bg2 {[%clk 1:32:00]} Nc6 {[%clk 1:25:00]} 8. e3
{[%clk 1:28:28]} Nb4 {[%clk 1:13:47]} 9. Nge2 {[%clk 1:17:26]} Nd3+ {[%clk
1:11:30]} 10. Kf1 {[%clk 1:17:51]} O-O {[%clk 1:10:12]} 11. a3 {[%clk 1:07:50]}
d6 {[%clk 1:03:00]} 12. f4 {[%clk 1:06:58]} Rb8 {[%clk 0:43:38]} 13. Ra2 {[%clk
0:58:23]} d5 {[%clk 0:37:14]} 14. Bxd5 {[%clk 0:55:55]} b5 {[%clk 0:26:29]} 15.
Qc2 {[%clk 0:51:38]} bxc4 {[%clk 0:25:19]} 16. bxc4 {[%clk 0:48:48]} Nb4 {[%clk
0:24:12]} 17. axb4 {[%clk 0:49:07]} cxb4 {[%clk 0:24:36]} 18. Rxa7 {[%clk
0:45:32]} bxc3 {[%clk 0:23:48]} 19. Nxc3 {[%clk 0:44:48]} Qb6 {[%clk 0:22:58]}
20. Ra1 {[%clk 0:41:21]} Qb2 {[%clk 0:19:46]} 21. Rc1 {[%clk 0:41:37]} Be6 {[%clk
0:17:00]} 22. Bxe6 {[%clk 0:33:55]} fxe6 {[%clk 0:16:54]} 23. Qxb2 {[%clk
0:34:20]} Rxb2 {[%clk 0:17:16]} 24. Ke2 {[%clk 0:33:05]} Rc8 {[%clk 0:13:54]} 25.
Nd1 {[%clk 0:32:12]} Ra2 {[%clk 0:12:41]} 26. Nf2 {[%clk 0:31:37]} Bf8 {[%clk
0:10:32]} 27. Nd3 {[%clk 0:30:11]} h6 {[%clk 0:07:22]} 28. Ra1 {[%clk 0:28:04]}
Rxa1 {[%clk 0:07:02]} 29. Rxa1 {[%clk 0:28:28]} Rxc4 {[%clk 0:07:10]} 30. Ra6
{[%clk 0:28:25]} Re4 {[%clk 0:06:49]} 31. Ne5 {[%clk 0:27:57]} g5 {[%clk
0:04:15]} 32. Rxe6 {[%clk 0:28:05]} gxf4 {[%clk 0:04:12]} 33. gxf4 {[%clk
0:28:24]} Ra4 {[%clk 0:03:46]} 34. Rf6 {[%clk 0:28:39]} Ra2 {[%clk 0:03:26]} 35.
Rxf5 {[%clk 0:28:58]} Bb4 {[%clk 0:03:46]} 36. Nf3 {[%clk 0:29:22]} 1-0

[Event "10th Amsterdam Science Park"]
[Site "Amsterdam"]
[Date "2022.07.18"]
[Round "1"]
[White "Kotmans, Rob"]
[Black "Van Baar, Esper"]
[Result "0-1"]
[Board "5"]
[WhiteElo "2008"]
[WhiteCountry "NED"]
[WhiteFideId "1021494"]
[WhiteEloChange "-3"]
[BlackTitle "FM"]
[BlackElo "2281"]
[BlackCountry "NED"]
[BlackFideId "1049321"]
[BlackEloChange "3"]

1. e4 {[%clk 1:30:58]} c5 {[%clk 1:30:57]} 2. Nc3 {[%clk 1:31:19]} d6 {[%clk
1:30:51]} 3. g3 {[%clk 1:31:38]} Nc6 {[%clk 1:29:44]} 4. Bg2 {[%clk 1:32:00]} g6
{[%clk 1:29:41]} 5. d3 {[%clk 1:32:21]} Bg7 {[%clk 1:29:10]} 6. Be3 {[%clk
1:32:29]} e6 {[%clk 1:27:56]} 7. Qd2 {[%clk 1:32:33]} Nd4 {[%clk 1:25:32]} 8.
Nce2 {[%clk 1:29:14]} Nxe2 {[%clk 1:21:17]} 9. Nxe2 {[%clk 1:29:37]} Bxb2 {[%clk
1:20:17]} 10. Rb1 {[%clk 1:29:08]} Bg7 {[%clk 1:20:13]} 11. c3 {[%clk 1:29:31]}
b6 {[%clk 1:12:21]} 12. e5 {[%clk 1:25:25]} Rb8 {[%clk 1:06:06]} 13. exd6 {[%clk
1:24:52]} Qxd6 {[%clk 1:06:20]} 14. d4 {[%clk 1:23:42]} cxd4 {[%clk 0:57:58]} 15.
cxd4 {[%clk 1:23:58]} Bb7 {[%clk 0:55:27]} 16. Bf4 {[%clk 1:22:48]} e5 {[%clk
0:41:38]} 17. Bxb7 {[%clk 1:23:06]} exf4 {[%clk 0:41:13]} 18. Ba6 {[%clk
1:15:57]} fxg3 {[%clk 0:39:14]} 19. Bb5+ {[%clk 1:15:00]} Kf8 {[%clk 0:39:38]}
20. fxg3 {[%clk 1:14:50]} Ne7 {[%clk 0:36:17]} 21. O-O {[%clk 1:13:12]} Nf5
{[%clk 0:31:58]} 22. Rbd1 {[%clk 1:07:21]} Rd8 {[%clk 0:31:40]} 23. Bc4 {[%clk
1:06:52]} h5 {[%clk 0:29:05]} 24. Bb3 {[%clk 0:58:49]} Rh7 {[%clk 0:20:44]} 25.
Nf4 {[%clk 0:54:19]} Bxd4+ {[%clk 0:19:06]} 26. Kh1 {[%clk 0:54:40]} Qc6+ {[%clk
0:17:09]} 0-1

[Event "10th Amsterdam Science Park"]
[Site "Amsterdam"]
[Date "2022.07.18"]
[Round "1"]
[White "Stolwijk, Colin"]
[Black "De Ruiter, Tom"]
[Result "1-0"]
[Board "6"]
[WhiteElo "2277"]
[WhiteCountry "NED"]
[WhiteFideId "1033743"]
[WhiteEloChange "3"]
[BlackElo "2007"]
[BlackCountry "NED"]
[BlackFideId "1004964"]
[BlackEloChange "-3"]

1. e4 {[%clk 1:30:56]} d6 {[%clk 1:30:44]} 2. d4 {[%clk 1:31:22]} Nf6 {[%clk
1:31:04]} 3. Nc3 {[%clk 1:31:47]} c6 {[%clk 1:31:23]} 4. Nf3 {[%clk 1:32:05]} Bg4
{[%clk 1:30:57]} 5. h3 {[%clk 1:30:38]} Bxf3 {[%clk 1:30:36]} 6. Qxf3 {[%clk
1:31:06]} e6 {[%clk 1:30:19]} 7. e5 {[%clk 1:28:08]} dxe5 {[%clk 1:28:49]} 8.
dxe5 {[%clk 1:28:31]} Nfd7 {[%clk 1:29:08]} 9. Bf4 {[%clk 1:27:43]} Qa5 {[%clk
1:26:56]} 10. O-O-O {[%clk 1:16:52]} Bb4 {[%clk 1:22:04]} 11. Ne4 {[%clk
1:13:02]} O-O {[%clk 1:16:08]} 12. Kb1 {[%clk 0:53:51]} Nxe5 {[%clk 1:06:53]} 13.
Qh5 {[%clk 0:49:07]} Ng6 {[%clk 1:05:06]} 14. Qxa5 {[%clk 0:36:05]} Bxa5 {[%clk
1:05:22]} 15. Bd6 {[%clk 0:36:30]} Re8 {[%clk 0:58:02]} 16. Nc5 {[%clk 0:31:48]}
Bb6 {[%clk 0:58:05]} 17. g3 {[%clk 0:28:47]} Nf8 {[%clk 0:41:13]} 18. Nxb7 {[%clk
0:25:38]} Bxf2 {[%clk 0:41:03]} 19. Rd2 {[%clk 0:25:34]} Bb6 {[%clk 0:38:57]} 20.
c4 {[%clk 0:24:16]} a5 {[%clk 0:29:42]} 21. c5 {[%clk 0:20:25]} Ra7 {[%clk
0:26:01]} 22. cxb6 {[%clk 0:19:47]} Rxb7 {[%clk 0:26:20]} 23. Bc7 {[%clk
0:20:09]} Nfd7 {[%clk 0:25:31]} 24. Ba6 {[%clk 0:16:57]} Nxa6 {[%clk 0:23:46]}
25. Rxd7 {[%clk 0:17:23]} f6 {[%clk 0:15:32]} 26. g4 {[%clk 0:16:56]} e5 {[%clk
0:14:30]} 27. g5 {[%clk 0:16:41]} fxg5 {[%clk 0:11:15]} 28. Rf1 {[%clk 0:16:25]}
Nc5 {[%clk 0:09:26]} 29. Rd6 {[%clk 0:15:42]} Ne4 {[%clk 0:09:46]} 30. Rd3 {[%clk
0:15:47]} Nf6 {[%clk 0:08:06]} 31. Rc3 {[%clk 0:13:22]} Re6 {[%clk 0:08:08]} 32.
Rc5 {[%clk 0:13:12]} Ne4 {[%clk 0:08:19]} 33. Rc2 {[%clk 0:13:27]} Nf6 {[%clk
0:07:44]} 34. Rc5 {[%clk 0:13:49]} Ne4 {[%clk 0:08:07]} 35. Rxa5 {[%clk 0:04:04]}
Nd2+ {[%clk 0:08:12]} 36. Kc1 {[%clk 0:04:32]} Nxf1 {[%clk 0:08:33]} 37. Ra8+
{[%clk 0:04:58]} Kf7 {[%clk 0:08:28]} 38. Ra7 {[%clk 0:05:10]} Rxb6 {[%clk
0:06:26]} 39. Bxb6+ {[%clk 0:05:38]} Kg6 {[%clk 0:02:53]} 40. a4 {[%clk 0:06:01]}
e4 {[%clk 0:01:43]} 41. Kd1 {[%clk 0:26:14]} e3 {[%clk 0:31:24]} 42. Ke1 {[%clk
0:22:08]} e2 {[%clk 0:30:59]} 43. Rd7 {[%clk 0:21:33]} h5 {[%clk 0:27:29]} 44. a5
{[%clk 0:16:28]} Nh2 {[%clk 0:27:46]} 45. Rd3 {[%clk 0:16:41]} g4 {[%clk
0:28:14]} 46. hxg4 {[%clk 0:16:47]} hxg4 {[%clk 0:28:38]} 47. Re3 {[%clk
0:16:27]} Nf3+ {[%clk 0:23:44]} 48. Kxe2 {[%clk 0:16:40]} Rd6 {[%clk 0:24:10]}
49. Rd3 {[%clk 0:15:51]} Re6+ {[%clk 0:23:19]} 50. Kf2 {[%clk 0:16:19]} Ne5
{[%clk 0:23:35]} 51. Rd8 {[%clk 0:14:34]} Nc4 {[%clk 0:22:45]} 52. Rb8 {[%clk
0:12:21]} Rd6 {[%clk 0:19:25]} 53. b3 {[%clk 0:06:56]} Nxb6 {[%clk 0:16:29]} 54.
Rxb6 {[%clk 0:07:23]} Kf5 {[%clk 0:15:28]} 55. a6 {[%clk 0:07:22]} Ke4 {[%clk
0:13:51]} 56. a7 {[%clk 0:06:44]} Rd2+ {[%clk 0:14:04]} 57. Kg3 {[%clk 0:07:08]}
Ra2 {[%clk 0:14:30]} 58. Rb4+ {[%clk 0:07:28]} 1-0

[Event "10th Amsterdam Science Park"]
[Site "Amsterdam"]
[Date "2022.07.18"]
[Round "1"]
[White "Galje, Hans"]
[Black "De Groote, Ewoud"]
[Result "0-1"]
[Board "7"]
[WhiteElo "2007"]
[WhiteCountry "NED"]
[WhiteFideId "1003240"]
[WhiteEloChange "-4"]
[BlackElo "2245"]
[BlackCountry "NED"]
[BlackFideId "1017870"]
[BlackEloChange "4"]

1. d4 {[%clk 1:30:57]} Nf6 {[%clk 1:30:54]} 2. c4 {[%clk 1:31:22]} e6 {[%clk
1:31:18]} 3. Nc3 {[%clk 1:31:45]} Bb4 {[%clk 1:31:41]} 4. e3 {[%clk 1:31:58]} d5
{[%clk 1:27:30]} 5. Nf3 {[%clk 1:31:38]} O-O {[%clk 1:27:01]} 6. Bd3 {[%clk
1:31:39]} dxc4 {[%clk 1:23:20]} 7. Bxc4 {[%clk 1:32:01]} b6 {[%clk 1:20:34]} 8.
O-O {[%clk 1:30:00]} Bb7 {[%clk 1:19:22]} 9. a3 {[%clk 1:27:25]} Bxc3 {[%clk
1:17:58]} 10. bxc3 {[%clk 1:27:48]} c5 {[%clk 1:10:15]} 11. a4 {[%clk 1:23:05]}
Qc7 {[%clk 1:04:03]} 12. Bd3 {[%clk 1:13:06]} Nbd7 {[%clk 0:53:07]} 13. Qe2
{[%clk 1:03:14]} e5 {[%clk 0:42:59]} 14. Nxe5 {[%clk 0:58:55]} Nxe5 {[%clk
0:35:09]} 15. dxe5 {[%clk 0:59:09]} Qxe5 {[%clk 0:35:26]} 16. Bb2 {[%clk
0:59:13]} Rad8 {[%clk 0:22:30]} 17. Rad1 {[%clk 0:56:27]} Bc6 {[%clk 0:19:48]}
18. c4 {[%clk 0:47:37]} Qe6 {[%clk 0:18:34]} 19. Bc2 {[%clk 0:36:00]} Rfe8 {[%clk
0:13:32]} 20. a5 {[%clk 0:27:01]} Ne4 {[%clk 0:10:11]} 21. axb6 {[%clk 0:21:42]}
axb6 {[%clk 0:10:40]} 22. Rxd8 {[%clk 0:21:29]} Rxd8 {[%clk 0:11:06]} 23. Rd1
{[%clk 0:21:51]} Rxd1+ {[%clk 0:07:09]} 24. Qxd1 {[%clk 0:21:58]} Nd6 {[%clk
0:07:02]} 25. Qh5 {[%clk 0:14:12]} Be4 {[%clk 0:05:36]} 26. Bb3 {[%clk 0:11:05]}
f6 {[%clk 0:05:28]} 27. Qh4 {[%clk 0:09:21]} Bd3 {[%clk 0:05:22]} 28. h3 {[%clk
0:05:52]} h6 {[%clk 0:04:26]} 29. Qf4 {[%clk 0:04:48]} Bxc4 {[%clk 0:04:15]} 30.
Bc2 {[%clk 0:04:28]} b5 {[%clk 0:03:45]} 31. e4 {[%clk 0:03:41]} b4 {[%clk
0:01:27]} 32. e5 {[%clk 0:03:40]} fxe5 {[%clk 0:01:31]} 33. Bxe5 {[%clk 0:04:05]}
Nf7 {[%clk 0:01:18]} 34. Bb2 {[%clk 0:03:42]} Bb5 {[%clk 0:00:58]} 35. Bf5 {[%clk
0:02:53]} Qd6 {[%clk 0:00:52]} 36. Qg4 {[%clk 0:02:22]} g5 {[%clk 0:01:14]} 37.
Be6 {[%clk 0:02:09]} Bd3 {[%clk 0:00:48]} 38. Bc8 {[%clk 0:00:52]} c4 {[%clk
0:00:53]} 39. Bd4 {[%clk 0:01:05]} c3 {[%clk 0:00:54]} 40. Bb7 {[%clk 0:00:44]}
c2 {[%clk 0:01:02]} 41. Qc8+ {[%clk 0:30:18]} Qd8 {[%clk 0:29:59]} 42. Qc5 {[%clk
0:30:01]} Qxd4 {[%clk 0:30:06]} 0-1

[Event "10th Amsterdam Science Park"]
[Site "Amsterdam"]
[Date "2022.07.18"]
[Round "1"]
[White "Afek, Yochanan"]
[Black "Li-Behn, Tobias"]
[Result "1-0"]
[Board "8"]
[WhiteTitle "IM"]
[WhiteElo "2210"]
[WhiteCountry "ISR"]
[WhiteFideId "2800462"]
[WhiteEloChange "5"]
[BlackElo "2000"]
[BlackCountry "NED"]
[BlackFideId "1069284"]
[BlackEloChange "-5"]

1. e4 {[%clk 1:30:54]} e5 {[%clk 1:30:35]} 2. Nf3 {[%clk 1:31:18]} Nc6 {[%clk
1:30:54]} 3. Nc3 {[%clk 1:29:14]} Nf6 {[%clk 1:30:44]} 4. d4 {[%clk 1:29:40]}
exd4 {[%clk 1:29:56]} 5. Nxd4 {[%clk 0:02:42]} Nxd4 {[%clk 1:27:48]} 6. Qxd4
{[%clk 1:30:28]} d6 {[%clk 1:27:46]} 7. Bg5 {[%clk 1:23:02]} Be7 {[%clk 1:26:48]}
8. O-O-O {[%clk 1:23:05]} O-O {[%clk 1:23:26]} 9. f3 {[%clk 1:17:11]} Be6 {[%clk
1:19:18]} 10. g4 {[%clk 1:13:00]} a6 {[%clk 1:14:41]} 11. Be3 {[%clk 1:09:36]} c5
{[%clk 1:13:44]} 12. Qd2 {[%clk 1:09:26]} Qa5 {[%clk 1:08:45]} 13. g5 {[%clk
1:06:41]} Nd7 {[%clk 1:07:45]} 14. Nd5 {[%clk 1:06:37]} Qxd2+ {[%clk 1:05:51]}
15. Rxd2 {[%clk 1:06:53]} Bxd5 {[%clk 1:06:05]} 16. Rxd5 {[%clk 1:07:02]} b5
{[%clk 1:03:59]} 17. h4 {[%clk 1:05:07]} Rfd8 {[%clk 1:02:46]} 18. Bf4 {[%clk
1:01:11]} Nb6 {[%clk 1:00:18]} 19. Rd2 {[%clk 1:00:34]} Ra7 {[%clk 0:59:30]} 20.
Bh3 {[%clk 0:54:20]} d5 {[%clk 0:56:09]} 21. exd5 {[%clk 0:54:08]} Rxd5 {[%clk
0:54:48]} 22. Rhd1 {[%clk 0:52:44]} Rxd2 {[%clk 0:54:22]} 23. Rxd2 {[%clk
0:53:09]} g6 {[%clk 0:53:38]} 24. b3 {[%clk 0:53:06]} c4 {[%clk 0:47:14]} 25. Be3
{[%clk 0:44:28]} Rb7 {[%clk 0:44:06]} 26. f4 {[%clk 0:44:34]} Ba3+ {[%clk
0:39:57]} 27. Kd1 {[%clk 0:44:39]} Bb2 {[%clk 0:39:36]} 28. Rd6 {[%clk 0:41:11]}
cxb3 {[%clk 0:37:24]} 29. axb3 {[%clk 0:41:10]} Na4 {[%clk 0:36:22]} 30. bxa4
{[%clk 0:41:12]} bxa4 {[%clk 0:36:42]} 31. Rxa6 {[%clk 0:39:28]} Bc3 {[%clk
0:32:49]} 32. Rxa4 {[%clk 0:36:07]} Rb1+ {[%clk 0:32:19]} 33. Ke2 {[%clk
0:36:31]} Rh1 {[%clk 0:31:37]} 34. Bg2 {[%clk 0:36:04]} Rxh4 {[%clk 0:31:16]} 35.
Ra8+ {[%clk 0:35:31]} Kg7 {[%clk 0:31:44]} 36. Bc5 {[%clk 0:35:52]} h6 {[%clk
0:31:10]} 37. Kd3 {[%clk 0:32:35]} Bb2 {[%clk 0:30:13]} 38. c3 {[%clk 0:32:34]}
hxg5 {[%clk 0:29:08]} 39. fxg5 {[%clk 0:27:55]} Rg4 {[%clk 0:28:37]} 40. Bd4+
{[%clk 0:27:41]} f6 {[%clk 0:28:31]} 41. Bxf6+ {[%clk 0:27:36]} 1-0

[Event "10th Amsterdam Science Park"]
[Site "Amsterdam"]
[Date "2022.07.18"]
[Round "1"]
[White "Schilstra, Laurens"]
[Black "Van der Poel, Henk"]
[Result "1-0"]
[Board "9"]
[WhiteElo "1993"]
[WhiteCountry "NED"]
[WhiteFideId "1043218"]
[WhiteEloChange "16"]
[BlackTitle "FM"]
[BlackElo "2210"]
[BlackCountry "NED"]
[BlackFideId "1002449"]
[BlackEloChange "-16"]

1. e4 {[%clk 1:30:54]} c5 {[%clk 1:30:39]} 2. Nf3 {[%clk 1:31:04]} d6 {[%clk
1:29:29]} 3. d4 {[%clk 1:29:29]} cxd4 {[%clk 1:29:49]} 4. Qxd4 {[%clk 1:29:50]}
a6 {[%clk 1:28:11]} 5. Bg5 {[%clk 1:26:24]} Nc6 {[%clk 1:27:35]} 6. Qd2 {[%clk
1:26:40]} h6 {[%clk 1:24:14]} 7. Bh4 {[%clk 1:26:15]} g5 {[%clk 1:22:53]} 8. Bg3
{[%clk 1:25:52]} Nf6 {[%clk 1:22:34]} 9. Nc3 {[%clk 1:26:13]} Nh5 {[%clk
1:22:23]} 10. Be2 {[%clk 1:20:50]} Bg7 {[%clk 1:19:44]} 11. O-O {[%clk 1:19:51]}
Nxg3 {[%clk 1:12:05]} 12. hxg3 {[%clk 1:20:01]} O-O {[%clk 1:08:10]} 13. Rab1
{[%clk 1:15:41]} f5 {[%clk 1:04:21]} 14. exf5 {[%clk 1:12:45]} Bxf5 {[%clk
1:04:32]} 15. Rfe1 {[%clk 1:11:44]} e5 {[%clk 1:00:27]} 16. Bd3 {[%clk 1:09:17]}
Be6 {[%clk 0:57:55]} 17. Be4 {[%clk 1:08:47]} Qd7 {[%clk 0:51:24]} 18. Rbd1
{[%clk 1:07:13]} Rad8 {[%clk 0:50:00]} 19. Bd5 {[%clk 1:05:58]} Ne7 {[%clk
0:46:15]} 20. Bxe6+ {[%clk 1:03:01]} Qxe6 {[%clk 0:46:42]} 21. Nd5 {[%clk
1:01:55]} Nc6 {[%clk 0:42:18]} 22. Qe3 {[%clk 0:55:42]} Qg6 {[%clk 0:33:04]} 23.
c3 {[%clk 0:43:29]} Rf7 {[%clk 0:30:37]} 24. Nd2 {[%clk 0:42:52]} h5 {[%clk
0:26:25]} 25. Ne4 {[%clk 0:41:24]} Bh6 {[%clk 0:26:40]} 26. Qb6 {[%clk 0:41:27]}
Rdd7 {[%clk 0:22:05]} 27. a4 {[%clk 0:34:36]} Qe6 {[%clk 0:20:16]} 28. b4 {[%clk
0:29:08]} Rf8 {[%clk 0:10:36]} 29. b5 {[%clk 0:27:52]} axb5 {[%clk 0:07:44]} 30.
axb5 {[%clk 0:27:00]} Nd8 {[%clk 0:08:06]} 31. Nc7 {[%clk 0:23:56]} Qc4 {[%clk
0:05:22]} 32. Nd5 {[%clk 0:20:02]} Bg7 {[%clk 0:04:05]} 33. Qe3 {[%clk 0:18:07]}
Ne6 {[%clk 0:04:04]} 34. Nb6 {[%clk 0:18:26]} Qxb5 {[%clk 0:04:24]} 35. Nxd7
{[%clk 0:17:09]} Qxd7 {[%clk 0:04:49]} 36. Rxd6 {[%clk 0:17:16]} Qe7 {[%clk
0:04:34]} 37. Qd3 {[%clk 0:16:46]} 1-0